00250nam a2200097Ia 4500008004000000082001600040100003200056245002100088260003600109300000700145210210b2005 xxu||||| |||| 00| 0 eng d aT894.3 KUDG aKUDREPPADI JAGANNATHA ALVA. aGuttuda gauravo. aMangalurubJe Ti Printersc2005 a96